| 000 | 00755nam a2200289Ia 4500 | ||
|---|---|---|---|
| 008 | 160803s9999 xx 000 0 und d | ||
| 020 | _a978-0763648534 | ||
| 100 | _aMsdonald, Megan | ||
| 245 | _aJudy Moody gets famous! / | ||
| 245 | _cMegan McDonald ; illustrated by Peter H. Reynolds. | ||
| 260 | _aNew York : | ||
| 260 | _bScholastic Inc. | ||
| 260 | _c2001 | ||
| 300 | _a126 pages : | ||
| 300 | _billustrations ; | ||
| 300 | _c19 cm. | ||
| 650 | _aBrothers and sisters -- | ||
| 650 | _aBrothers and sisters -- | ||
| 650 | _aBrothers and sisters. | ||
| 650 | _aFame -- | ||
| 650 | _aFame -- | ||
| 650 | _xFiction. | ||
| 650 | _xFiction. | ||
| 650 | _xJuvenile fiction. | ||
| 650 | _xJuvenile fiction. | ||
| 700 | _a490 | ||
| 999 |
_c298099 _d298099 |
||